000 00821pam a2200277 i 4500
001 4628599
003 OSt
005 20230622153705.0
008 780516s1978 dcu b 001 0 eng
010 _a 78017372
020 _a0871871531 :
_c$4.75
040 _aDLC
_cDLC
_dDLC
043 _an-us---
050 0 0 _aJK1096
_b.O43
082 0 0 _a328.73
_bOLE
100 1 _aOleszek, Walter J.
245 1 0 _aCongressional procedures and the policy process /
_cWalter J. Oleszek.
260 _aWashington :
_bCongressional Quarterly Press,
_cc1978.
300 _axv, 256 p. ;
_c21 cm.
490 0 _aPolitics and public policy series
500 _aIncludes index.
504 _aBibliography: p. 233-246.
610 1 0 _aUnited States.
_bCongress.
906 _a7
_bcbc
_corignew
_d1
_eocip
_f19
_gy-gencatlg
942 _2ddc
_cBK
999 _c2368
_d2368